000 00307nam a2200121Ia 4500
008 190216s9999||||xx |||||||||||||| ||und||
100 _aVinay Sreevasthava
245 0 _aHindi-Yese Bane Dhe Lala Lajbathray
260 _bUthar Pradesh Hindi Samsthan
_c2012
300 _a144
650 _aHindi
942 _cBK
999 _c16887
_d16887